000 00277nam a2200109Ia 4500
001 588685
005 20250717120836.0
008 250717s9999 xx 000 0 und d
245 0 _aY-3 TÜRKLERİN TARİHİ 2
_cİLBER ORTAYLI
260 _bTİMAŞ YAYINLARI
_c2018
300 _b284
999 _c588685
_d588685